Как завоевать покупателя: практическое пособие

Podrobná bibliografie
Hlavní autor: Есикова И. В. Ирина Владимировна
Další autoři: Лобанов С. Н. Сергей Николаевич, Лобанова Е. М. Елена Михайловна
Shrnutí:Сегодня миллионы компаний погибают в жестокой конкурентной войне. Если у вас есть собственный бизнес или вы являетесь менеджером, который занимается привлечением клиентов в организацию, вам просто необходимо знать, как завоевать покупателя — основу вашей коммерческой стабильности. В данной книге рассмотрены секреты общения с покупателями, лучшие способы и золотые правила внедрения новинок на рынок, психологические подходы к клиентам и т. п. Из нее вы узнаете, как бороться за потребителя, когда ассортимент товаров постоянно растет, как учесть все запросы клиента и при этом не остаться в убытке.
Jazyk:ruština
Vydáno: Москва, Дашков и К, 2010
Edice:Стратегия успешного бизнеса
Témata:
Médium: MixedMaterials Kniha
KOHA link:https://koha.lib.tpu.ru/cgi-bin/koha/opac-detail.pl?biblionumber=165649

MARC

LEADER 00000nam0a2200000 4500
001 165649
005 20231101222552.0
010 |a 9785394003943 
035 |a (RuTPU)RU\TPU\book\179690 
090 |a 165649 
100 |a 20090921d2010 m y0rusy50 ca 
101 0 |a rus 
102 |a RU 
105 |a y j 001zy 
200 1 |a Как завоевать покупателя  |e практическое пособие  |f И. В. Есикова, С. Н. Лобанов, Е. М. Лобанова 
210 |a Москва  |c Дашков и К  |d 2010 
215 |a 168 с. 
225 1 |a Стратегия успешного бизнеса 
320 |a Библиогр.: с. 165. 
330 |a Сегодня миллионы компаний погибают в жестокой конкурентной войне. Если у вас есть собственный бизнес или вы являетесь менеджером, который занимается привлечением клиентов в организацию, вам просто необходимо знать, как завоевать покупателя — основу вашей коммерческой стабильности. В данной книге рассмотрены секреты общения с покупателями, лучшие способы и золотые правила внедрения новинок на рынок, психологические подходы к клиентам и т. п. Из нее вы узнаете, как бороться за потребителя, когда ассортимент товаров постоянно растет, как учесть все запросы клиента и при этом не остаться в убытке. 
606 1 |a Торговля  |x Экономика  |2 stltpush  |3 (RuTPU)RU\TPU\subj\37078  |9 58228 
610 1 |a маркетинг 
610 1 |a покупатели 
610 1 |a клиенты 
610 1 |a потребители 
610 1 |a маркетинг-микс 
610 1 |a целевая аудитория 
610 1 |a психология 
610 1 |a потребительское поведение 
610 1 |a клиентоориентированный маркетинг 
610 1 |a продажи 
610 1 |a пассивные продажи 
610 1 |a активные продажи 
610 1 |a стрессовые ситуации 
610 1 |a трудные клиенты 
610 1 |a реклама 
610 1 |a PR 
610 1 |a сбыт 
610 1 |a BTL 
686 |a У9(2)42я73  |v LBC/SL-A  |2 rubbk 
700 1 |a Есикова  |b И. В.  |g Ирина Владимировна 
701 1 |a Лобанов  |b С. Н.  |g Сергей Николаевич 
701 1 |a Лобанова  |b Е. М.  |g Елена Михайловна 
801 1 |a RU  |b 63413507  |c 20090921 
801 2 |a RU  |b 63413507  |c 20100621  |g RCR 
942 |c BK 
959 |a 97/20090921  |d 1  |e 99,00  |f ЧЗГЛ:1